000 00556nam a2200241Ia 4500
003 OSt
005 20220928134914.0
006 a|||||r|||| 00| 0
007 ta
008 220927b |||||||| |||| 00| 0 hin d
024 _a14
037 _cTextual
040 _aSDCL
_cSDCL
_bhin
041 _2hin
_ahin
082 _aXxN15, 152L9
100 _aSamuelson P A
245 0 _aArthshastre.
250 _a10
260 _c1979
700 _a Temin Peter
_9412723
942 _hXxN15, 152L9
_cTEXL
_2CC
999 _c804233
_d804233